Orientalism (Record no. 30642)

MARC details
000 -LEADER
fixed length control field 00436nam a2200169Ia 4500
008 - FIXED-LENGTH DATA ELEMENTS--GENERAL INFORMATION
fixed length control field 230917s9999||||xx |||||||||||||| ||und||
020 ## - ISBN
Price RS499
040 ## - CATALOGING SOURCE
-- 250793
Original cataloging agency VIVEKANANDA LIBRARY
041 ## - Language
-- English
082 ## - DDC NUMBER
Classification number 820.9 S21O
100 ## - MAIN ENTRY--PERSONAL NAME
Personal name Said, Edward W
245 #0 - TITLE STATEMENT
Title Orientalism
260 ## - PUBLICATION, DISTRIBUTION, ETC. (IMPRINT)
Place of publication, distribution, etc Gurgaon
Name of publisher, distributor, etc Penguin Random House India
Date of publication, distribution, etc 2001
300 ## - PHYSICAL DESCRIPTION
Pages 396 p.
500 ## - GENERAL NOTE
General note 3435 20/02/2019 UBS19/15890 06/03/2019 Main Budget
942 ## - ADDED ENTRY ELEMENTS (KOHA)
Koha item type Books
Holdings
Withdrawn status Lost status Damaged status Not for loan Location (home branch) Sublocation or collection (holding branch) Date acquired Koha issues (times borrowed) Koha full call number Accession No. Koha date last seen Koha item type
        VIVEKANANDA LIBRARY VIVEKANANDA LIBRARY 29/03/2019 3 820.9 S21O 382870 03/11/2025 Books
© Designed and Maintained by Vivekananda Library, MDU Rohtak